Mechanical and electrical properties of alumina-natural rubber composites (Record no. 62697)

MARC details
000 -LEADER
fixed length control field 01422nam a2200217Ia 4500
100 ## - MAIN ENTRY--AUTHOR NAME
Personal name Tangboriboon N
245 #0 - TITLE STATEMENT
Title Mechanical and electrical properties of alumina-natural rubber composites
260 ## - PUBLICATION, DISTRIBUTION, ETC. (IMPRINT)
Name of publisher Plastics, Rubber and Composites
Year of publication 2013
300 ## - PHYSICAL DESCRIPTION
Number of Pages 26-33
520 ## - SUMMARY, ETC.
Summary, etc The mechanical and electrical properties of natural rubber (NR)-alumina (AI2O3) composites crosslinked with dicumyl peroxide (DCP) were investigated. Scanning electron micrographs indicate the interaction of the C-C microstructure and that alumina particles are moderately dispersed in the matrix. The X-ray diffraction patterns indicate that Al2O3 is of the beta phase polytype that possesses high innic conductivity. The electrical conductivity of the composites with DCP is greater by nearly three orders of magnitude than that of NR-Al2O3 composites without DCP and pure NR. The increase in the electrical conductivity and the mechanical property is caused by the strong C-C bond, the tunnelling phenomenon and the ionic polarisation of the alumina particles acting as the dispersed phase in the elastomer matrix.
650 ## - SUBJECT ADDED ENTRY--TOPICAL TERM
Topical Term Crosslink agents
650 ## - SUBJECT ADDED ENTRY--TOPICAL TERM
Topical Term Crosslink density
650 ## - SUBJECT ADDED ENTRY--TOPICAL TERM
Topical Term Electromechanical properties
650 ## - SUBJECT ADDED ENTRY--TOPICAL TERM
Topical Term Tunnelling theory
700 ## - ADDED ENTRY--PERSONAL NAME
Personal name Banchong A
700 ## - ADDED ENTRY--PERSONAL NAME
Personal name Chaisakrenon S
700 ## - ADDED ENTRY--PERSONAL NAME
Personal name Kananuruksapong R
700 ## - ADDED ENTRY--PERSONAL NAME
Personal name Sirival A
942 ## - ADDED ENTRY ELEMENTS (KOHA)
Koha item type Journals
Holdings
Withdrawn status Lost status Damaged status Not for loan Home library Current library Shelving location Date acquired Serial Enumeration / chronology Koha item type
      Journals RRII Library RRII Library Rubber technology 27/08/2013 Volume 42, Issue 1 Journals